La Promesa - Melendi - Estadísticas

Estadísticas generales
  • Esta prueba ha sido intentada 130 veces
  • La puntuación promedio es 296 de 358
Estadísticas de respuestas
Letra Respuesta % Correcto
o
100%
y
100%
Y
100%
prometo
98%
que
98%
Que
98%
te
98%
Te
98%
Verso Yo
98%
yo
98%
de
97%
De
97%
lo
97%
Lo
97%
no
97%
un
97%
a
95%
el
95%
se
95%
tu
95%
Tu
95%
una
95%
la
94%
luna
94%
tus
94%
Es
92%
en
91%
locura
91%
me
91%
mi
91%
quien
91%
vida
91%
al
89%
más
89%
mas
89%
por
89%
seré
89%
amor
88%
cuando
88%
las
88%
sueños
88%
va
88%
bonito
86%
con
86%
nuestra
86%
testigo
86%
cuide
84%
eres
84%
he
84%
Man
84%
Pa
84%
sea
84%
visto
84%
ayude
83%
desnuda
83%
como
81%
despierta
81%
final
81%
mano
81%
nuestro
81%
solo
81%
estés
80%
nos
80%
días
78%
manos
78%
mías
78%
noche
78%
tenerlos
78%
otras
77%
flores
75%
nuestros
75%
Si
75%
si
75%
bailas
73%
hombre
73%
madrugada
73%
porque
73%
Porque
73%
sobrar
73%
adornar
72%
Gaga
72%
Lady
72%
mientras
72%
mundo
72%
prometeme
72%
prométeme
72%
ve
72%
mujer
70%
ama
69%
coche
69%
cortaré
69%
podría
69%
prometerte
69%
solamente
69%
sombra
69%
desde
67%
sabe
67%
San
67%
Segundo
67%
será
67%
confundirás
66%
das
66%
empezara
66%
le
66%
mente
66%
momento
66%
necesitaré
66%
corazón
64%
parecer
64%
solas
64%
vaya
64%
Blas
63%
canción
63%
importa
63%
promesa
63%
sonando
63%
calla
61%
francesa
61%
jamás
61%
muelle
61%
oportunidad
61%
tengo
61%
cantarte
59%
dormido
59%
Envejecer
59%
ríe
59%
haré
58%
lleva
58%
tiempo
58%
algo
56%
contigo
56%
cumplir
56%
falla
56%
iré
56%
pedirte
56%
besemos
55%
pensando
55%
Woman
55%
Loves
53%
When
50%
estaba
47%
pretenda
47%
vivo
47%
Compay
39%
No se encontraron pruebas coincidentes
Distribución de puntuación
Porcentaje de gente con cada puntuación
Porcentaje por número respondido
Historial de tus puntuaciones
No has intentado esta prueba.